I believe in visions. (Record no. 15999)

000 -LEADER
fixed length control field 00982nam a2200241 a 4500
001 - CONTROL NUMBER
control field :::00017258$&:&@@
003 - CONTROL NUMBER IDENTIFIER
control field OkBaRHE
005 - DATE AND TIME OF LATEST TRANSACTION
control field 20100327141805.0
008 - FIXED-LENGTH DATA ELEMENTS--GENERAL INFORMATION
fixed length control field s1972 j 000 0 eng u
020 ## - INTERNATIONAL STANDARD BOOK NUMBER
International Standard Book Number 0892765089
040 ## - CATALOGING SOURCE
Transcribing agency
100 1# - MAIN ENTRY--PERSONAL NAME
Personal name Hagin, Kenneth E., 1917-2003
9 (RLIN) 1
245 10 - TITLE STATEMENT
Title I believe in visions.
250 ## - EDITION STATEMENT
Edition statement Second Edition
260 ## - PUBLICATION, DISTRIBUTION, ETC. (IMPRINT)
Place of publication, distribution, etc Tulsa, OK
Name of publisher, distributor, etc Rhema Bible Church
Date of publication, distribution, etc 1984
300 ## - PHYSICAL DESCRIPTION
Extent 133 p. ;
Dimensions 21 cm.
650 ## - SUBJECT ADDED ENTRY--TOPICAL TERM
Topical term or geographic name as entry element Jesus Christ
General subdivision Apparitions and Miracles (Modern)
9 (RLIN) 1
650 ## - SUBJECT ADDED ENTRY--TOPICAL TERM
Topical term or geographic name as entry element Visions
9 (RLIN) 2
942 ## - ADDED ENTRY ELEMENTS (KOHA)
Source of classification or shelving scheme
Koha item type Books
Copies
Current Location Total Checkouts Damaged status Withdrawn status Date acquired Permanent Location Total Renewals Source of classification or shelving scheme Copy number Barcode Collection code Full call number Date checked out Shelving location Not for loan Koha item type Price effective from Date last seen Lost status
RHEMA Bible Training College    RHEMA Bible Training College  117258ReferenceBT 580 .A1 H3 General Stacks Books 2010-04-14 
RHEMA Bible Training College5  2010-04-16RHEMA Bible Training College  200021680 BT 580 .A1 H32010-12-17General Stacks Books2010-04-162012-04-24 
RHEMA Bible Training College2  2010-05-14RHEMA Bible Training College1 314720 BT 580 .A1 H32012-02-15  Books2010-05-142012-02-15